000 00313nam a2200121Ia 4500
008 220204s9999 xx 000 0 und d
020 _a8124004552
082 _a81'36=573.14
_bRAM
100 _aRamachandran Nair, P
245 0 _aTettum sarium (Malayalam)
260 _aKottayam
_bCurrent Books
_c2003
942 _cBK
999 _c42451
_d42451